Catálogo público

Lecciones sobre la historia de la filosofía política / (Record no. 232995)

MARC details
000 -CABECERA
campo de control de longitud fija 00731nam a2200205Ia 4500
001 - NÚMERO DE CONTROL
campo de control 13241
008 - DATOS DE LONGITUD FIJA--INFORMACIÓN GENERAL
campo de control de longitud fija 250715b |||||||| |||| 00| 0 spa d
020 ## - NÚMERO INTERNACIONAL ESTÁNDAR DEL LIBRO
Número Internacional Estándar del Libro 978-84-493-2224-2
041 ## - CÓDIGO DE LENGUA
Código de lengua del texto/banda sonora o título independiente spa / eng
082 ## - NÚMERO DE LA CLASIFICACIÓN DECIMAL DEWEY
Número de clasificación 320.01 R26y
100 ## - ENTRADA PRINCIPAL--NOMBRE DE PERSONA
Nombre de persona Rawls, John, (1921- 2002)
240 ## - TÍTULO UNIFORME
Título uniforme Lectures of the History of Political Philosophy
245 ## - MENCIÓN DE TÍTULO
Título Lecciones sobre la historia de la filosofía política /
Mención de responsabilidad, etc. por John Rawls; ed. Samuel Freeman; Albino Santos Mosquera trad.
260 ## - PUBLICACIÓN, DISTRIBUCIÓN, ETC.
Lugar de publicación, distribución, etc. Barcelona:
Nombre del editor, distribuidor, etc. Paidos, 2009
300 ## - DESCRIPCIÓN FÍSICA
Extensión 581p. : il.
490 ## - MENCIÓN DE SERIE
Mención de serie Paidos básica, Ibérica No.131
650 ## - PUNTO DE ACCESO ADICIONAL DE MATERIA--TÉRMINO DE MATERIA
Término de materia o nombre geográfico como elemento de entrada Ciencia Política-Filosofía-Historia
700 ## - PUNTO DE ACCESO ADICIONAL--NOMBRE DE PERSONA
Nombre de persona I.Freeman, Samuel Richard, ed.
700 ## - PUNTO DE ACCESO ADICIONAL--NOMBRE DE PERSONA
Nombre de persona II.Santos Mosquera, Albino; trad.

No items available.